चार दोस्त / (Record no. 62223)

MARC details
000 -LEADER
fixed length control field 00940nam a22001577a 4500
020 ## - INTERNATIONAL STANDARD BOOK NUMBER
International Standard Book Number 9788181468978
Terms of availability 85.00
082 ## - DEWEY DECIMAL CLASSIFICATION NUMBER
Classification number
245 ## - TITLE STATEMENT
Title चार दोस्त /
Statement of responsibility, etc दीपा बलसावर;अमृता काठेड़ द्वारा चित्रांकित;शिवानी अरोड़ा द्वारा अनुदित
260 ## - PUBLICATION, DISTRIBUTION, ETC. (IMPRINT)
Place of publication, distribution, etc चैन्नई
Name of publisher, distributor, etc तूलिका पब्लिशर्स
Date of publication, distribution, etc 2010
270 ## - ADDRESS
Address 13 पृथ्वी ऐवन्यु, अभिरमपुरम
City चैन्नई
Postal code 600018
300 ## - PHYSICAL DESCRIPTION
Extent अ.पृ.
Other physical details सचित्र
Dimensions 18सेमी (अजिल्द)
700 ## - ADDED ENTRY--PERSONAL NAME
Personal name काठेड़, अमृता
9 (RLIN) 41133
700 ## - ADDED ENTRY--PERSONAL NAME
Personal name अरोड़ा, शिवानी
9 (RLIN) 41134
942 ## - ADDED ENTRY ELEMENTS (KOHA)
Source of classification or shelving scheme Dewey Decimal Classification
Item type Children Books
Classification part
Call number suffix चारदो
Holdings
Withdrawn status Lost status Not for loan Home library Current library Date acquired Cost, normal purchase price Full call number Cost, replacement price Koha item type
    Ordered Andrews Gunj Andrews Gunj 08/02/2012 85.00 क चारदो 85.00 Children Books

© Delhi Public Library
Hit Counter
free hit counter